Dependencia y desarrollo en América Latina: ensayo de interpretación sociológica
Este libro es un estudio clásico sobre las fuerzas sociales que intervienen en el desarrollo. El propósito es instituir un dialogo con los economistas para destacar la naturaleza social y política de los problemas de desarrollo en América Latina.
Gardado en:
| Autor Principal: | |
|---|---|
| Outros autores: | |
| Formato: | Libro |
| Idioma: | Spanish |
| Publicado: |
México:
Siglo Veintiuno Editores,
1992
|
| Edición: | 25 ed. |
| Subjects: | |
| Acceso en liña: | Enlace del recurso |
| Tags: |
Engadir etiqueta
Sen Etiquetas, Sexa o primeiro en etiquetar este rexistro!
|
MARC
| LEADER | 00000nam a2200000 a 4500 | ||
|---|---|---|---|
| 001 | 001144 | ||
| 008 | 040224s1992 mx # fr# #000|0#spa#d | ||
| 020 | |a 968-23-1638-3 | ||
| 041 | 0 | |a spa | |
| 043 | |a n-mx--- | ||
| 082 | 0 | 4 | |a 338.98 |b C162d |
| 100 | 1 | |a Cardoso, Fernando Henrique | |
| 245 | 1 | 0 | |a Dependencia y desarrollo en América Latina: |b ensayo de interpretación sociológica |c Fernando Henrique Cardoso; Enzo Faletto |
| 250 | |a 25 ed. | ||
| 260 | |a México: |b Siglo Veintiuno Editores, |c 1992 | ||
| 300 | |a 213 p. | ||
| 520 | 3 | |a Este libro es un estudio clásico sobre las fuerzas sociales que intervienen en el desarrollo. El propósito es instituir un dialogo con los economistas para destacar la naturaleza social y política de los problemas de desarrollo en América Latina. | |
| 650 | 1 | 4 | |a DESARROLLO ECONÓMICO |z AMÉRICA LATINA |
| 650 | 1 | 4 | |a CONDICIÓN SOCIAL |
| 700 | 1 | |a Faletto, Enzo | |
| 999 | |c 3296 |d 3296 | ||
| 856 | |u https://catalogo.idep.edu.co/cgi-bin/koha/opac-detail.pl?biblionumber=3296 |z Enlace del recurso | ||